=LDR 00000nam 2200000 4500 =001 INLIS000000000006079 =005 20200326123235 =035 ##$$a 0010-061300000006079 =008 200326################g##########0#ind## =041 ##$$a Ind =082 ##$$a 297.425 =090 ##$$a 297.425, Qur i =245 ##$$a Islam dan teori pembungaan uang, /$c Dr. Anwar Iqbal Qureshi, MA.; alih bahasa, M. Chalil =260 ##$$a 1985 :$b Jakarta =300 ##$$a 231 hlm., 21 cm ; $c 14 x 21 cm =650 #4$$a Islam, Riba =700 #$$a Khalil, B.M =850 ##$$a NBPNMAT =084 ##$$a 297.425 ISL =250 ##$$a cet.2 =990 ##$$a DW00023016 =990 ##$$a DW00023017 =990 ##$$a DW00023038